|
|
|
|
| LEADER |
00000nam0a2200000 4500 |
| 001 |
112611 |
| 005 |
20231031121510.0 |
| 010 |
|
|
|a 5250016405
|
| 020 |
|
|
|a RU
|b 91-40838
|
| 035 |
|
|
|a (RuTPU)RU\TPU\book\121765
|
| 090 |
|
|
|a 112611
|
| 100 |
|
|
|a 20070330d1991 m y0rusy5003 ca
|
| 101 |
0 |
|
|a rus
|
| 102 |
|
|
|a RU
|
| 105 |
|
|
|a a z 001ay
|
| 200 |
1 |
|
|a Ларец острословов
|e [Афоризмы. Парадоксы. Шутки. Эпиграммы
|f сост. Г. П. Лобарев
|g Худож. В. Н. Суханов]
|
| 210 |
|
|
|a Москва
|c Политиздат
|d 1991
|
| 215 |
|
|
|a 511 с.
|c ил.
|d 17 см
|
| 320 |
|
|
|a Библиогр.: с. 505-507
|
| 610 |
1 |
|
|a афоризмы
|
| 610 |
1 |
|
|a эпиграммы
|
| 610 |
1 |
|
|a пародии
|
| 675 |
|
|
|a 89
|z rus
|v 3
|
| 702 |
|
1 |
|a Лобарев
|b Г. П.
|4 220
|
| 702 |
|
1 |
|a Суханов
|b В. Н.
|4 440
|
| 801 |
|
0 |
|a RU
|b RuMRKP
|c 19950417
|g psbo
|
| 801 |
|
1 |
|a RU
|b 63413507
|c 20070330
|g PSBO
|
| 801 |
|
2 |
|a RU
|b 63413507
|c 20070420
|g PSBO
|
| 942 |
|
|
|c BK
|